[Event "Tourn. n9641"]
[Site "www.chess-mail.com"]
[Date "2018.02.13"]
[Round "1"]
[White "Tobernor"]
[Black "Aniruddhadg"]
[WhiteElo "2049"]
[BlackElo "1809"]
[Result "1-0"]
[Round "1"]
1.e4 c6
2.d4 d5
3.Nb1c3 dxe4
4.Nc3xe4 Bc8f5
5.Ne4g3 Bf5g6
6.h4 h6
7.Ng1f3 Nb8d7
8.h5 Bg6h7
9.Bf1d3 Bh7xd3
10.Qd1xd3 e6
11.Bc1d2 Ng8f6
12.O-O-O Bf8e7
13.Kb1 O-O
14.Ng3e4 Nf6xe4
15.Qd3xe4 Nd7f6
16.Qe4e2 Qd8d5
17.Bd2e3 Be7d6
18.g4 Nf6xg4
19.Rd1g1 f5
20.Be3c1 Rf8f6
21.Nf3h4 Qd5xd4
22.f3 Ng4e5
23.b3 Bd6b4
24.a3 Bb4c3
25.Qe2g2 Qd4d7
26.Qg2g3 f4
27.Bc1xf4 Rf6xf4
28.Qg3xf4 Ne5f7
29.Rg1d1 Qd7e7
30.Ka2 Bc3f6
31.Nh4g6 Qe7c5
32.Qf4c4 Qc5xc4
33.bxc4 Nf7g5
34.Rh1e1 Ng5xf3
35.Re1xe6 c5
36.Rd1d7 { resign }
1-0

[Event "Tourn. n9665"]
[Site "www.chess-mail.com"]
[Date "2018.02.13"]
[Round "1"]
[White "Loper10"]
[Black "Goofy"]
[WhiteElo "2690"]
[BlackElo "2340"]
[Result "1-0"]
[Round "1"]
1.e4 d5
2.exd5 Ng8f6
3.d4 Bc8g4
4.Bf1b5 Nb8d7
5.Bb5e2 Bg4xe2
6.Qd1xe2 Nf6xd5
7.c4 Nd5f6
8.Nb1c3 e6
9.Ng1f3 Bf8d6
10.Bc1g5 O-O
11.O-O h6
12.Bg5h4 c6
13.Nf3e5 Qd8c7
14.f4 Bd6e7
15.Ra1d1 Ra8d8
16.a3 Rf8e8
17.Rd1d3 a6
18.b4 b6
19.Qe2f3 Rd8c8
20.Bh4g3 Be7d6
21.h3 b5
22.c5 Bd6e7
23.f5 { resign }
1-0

[Event "Tourn. n9665"]
[Site "www.chess-mail.com"]
[Date "2018.02.13"]
[Round "1"]
[White "Sachpat"]
[Black "Goofy"]
[WhiteElo "2790"]
[BlackElo "2340"]
[Result "1-0"]
[Round "1"]
1.e4 d5
2.exd5 Ng8f6
3.d4 Bc8g4
4.f3 Bg4f5
5.Bf1b5 c6
6.dxc6 Nb8xc6
7.Ng1e2 e6
8.Bb5d3 Bf8d6
9.Bd3xf5 Qd8a5
10.Nb1d2 Qa5xf5
11.c3 h6
12.Nd2c4 Bd6c7
13.O-O O-O
14.f4 Rf8d8
15.Ne2g3 Qf5g6
16.Qd1f3 Ra8b8
17.f5 exf5
18.Ng3xf5 Nf6d5
19.Nc4e3 Nd5e7
20.b3 Rd8d7
21.Nf5h4 Qg6e6
22.Bc1a3 f6
23.Ra1e1 Qe6f7
24.Qf3g4 Rb8d8
25.Ne3f5 Ne7xf5
26.Nh4xf5 { resign }
1-0

[Event "Tourn. n9716"]
[Site "www.chess-mail.com"]
[Date "2018.02.13"]
[Round "1"]
[White "Tarasch"]
[Black "Falcoale"]
[WhiteElo "1990"]
[BlackElo "1980"]
[Result "1-0"]
[Round "1"]
1.d4 Ng8f6
2.c4 b6
3.Nb1c3 Bc8b7
4.Qd1c2 e6
5.e4 Bf8b4
6.Bf1d3 d5
7.cxd5 exd5
8.e5 Nf6e4
9.Ng1e2 O-O
10.O-O f5
11.exf6 Qd8xf6
12.Nc3xe4 Qf6d8
13.Ne4g3 Qd8h4
14.Qc2xc7 Nb8c6
15.Qc7xb7 Nc6xd4
16.Qb7xd5 Kh8
17.Qd5xd4 Bb4c5
18.Qd4xh4 { resign }
1-0

[Event "Tourn. n9651"]
[Site "www.chess-mail.com"]
[Date "2018.02.13"]
[Round "1"]
[White "Cal"]
[Black "Picifarkinca"]
[WhiteElo "1610"]
[BlackElo "1650"]
[Result "0-1"]
[Round "1"]
1.c4 e6
2.a3 f5
3.d4 Ng8f6
4.Bc1g5 Bf8e7
5.b4 a5
6.Ng1f3 axb4
7.a4 O-O
8.e3 b6
9.Bf1d3 Bc8b7
10.O-O Nf6e4
11.Bg5xe7 Qd8xe7
12.h3 c5
13.Bd3xe4 fxe4
14.Nf3e5 d5
15.dxc5 bxc5
16.cxd5 exd5
17.Nb1d2 Qe7xe5
18.f4 exf3
19.Nd2xf3 Qe5xe3
20.Kh1 d4
21.a5 Nb8a6
22.Qd1c2 Qe3c3
23.Qc2d1 Ra8e8
24.Ra1c1 Qc3a3
25.Rc1a1 Qa3e3
26.Ra1b1 Qe3e2
27.Qd1b3 c4
28.Qb3a4 c3
29.Qa4d7 Bb7xf3
30.Rf1xf3 Rf8xf3
31.gxf3 Qe2xf3
32.Kg1 Qf3g3
33.Kf1 Re8f8
34.Ke2 Rf8f2
{ resign }
0-1

[Event "Tourn. n9717"]
[Site "www.chess-mail.com"]
[Date "2018.02.13"]
[Round "1"]
[White "Fantomas"]
[Black "Piekki"]
[WhiteElo "2270"]
[BlackElo "2170"]
[Result "0-1"]
[Round "1"]
1.e4 c6
2.d4 d5
3.e5 Bc8f5
4.Bf1d3 Bf5xd3
5.Qd1xd3 e6
6.Ng1f3 c5
7.dxc5 Nb8c6
8.Qd3b5 Qd8d7
9.a4 a6
10.Qb5b6 Ng8e7
11.Qb6b3 Ne7g6
12.Qb3e3 Qd7c7
13.c3 Nc6xe5
14.b4 Ne5c4
15.Qe3d4 Ra8d8
16.Nb1a3 e5
17.Qd4g4 Nc4xa3
18.Ra1xa3 a5
19.O-O Bf8e7
20.Ra3b3 O-O
21.Rf1d1 Qc7c6
22.Bc1e3 axb4
23.cxb4 Qc6xa4
24.Rb3b1 d4
25.Be3g5 f6
26.Qg4e6 Kh8
27.Bg5d2 Qa4d7
28.Qe6c4 e4
29.Nf3e1 Ng6e5
30.Qc4b3 f5
31.Bd2f4 Be7f6
32.h3 g5
33.Bf4c1 f4
34.Bc1d2 Qd7f5
35.Bd2c1 e3
36.f3 d3
37.Bc1b2 d2
38.Kf1 dxe1Q
39.Rd1xe1 Ne5xf3
{ resign }
0-1

[Event "Tourn. n9726"]
[Site "www.chess-mail.com"]
[Date "2018.02.13"]
[Round "1"]
[White "Begory"]
[Black "Hansen"]
[WhiteElo "1590"]
[BlackElo "1520"]
[Result "0-1"]
[Round "1"]
1.d4 e6
2.Bc1f4 c5
3.Nb1c3 a6
4.d5 g5
5.Bf4e5 f6
6.Be5g3 h5
7.h3 h4
8.Bg3h2 Ng8e7
9.dxe6 b5
10.a3 b4
11.exd7 Bc8xd7
12.Ng1f3 bxc3
13.bxc3 Qd8a5
14.Qd1d3 Bd7b5
15.Qd3d2 Nb8c6
16.e3 Ra8d8
17.Qd2c1 Qa5xc3
{ resign }
0-1

[Event "Tourn. n9725"]
[Site "www.chess-mail.com"]
[Date "2018.02.13"]
[Round "1"]
[White "Piekki"]
[Black "Apdash"]
[WhiteElo "2160"]
[BlackElo "2180"]
[Result "0-1"]
[Round "1"]
1.e4 c5
2.Ng1f3 d6
3.d4 cxd4
4.Nf3xd4 Nb8c6
5.c4 Ng8f6
6.Nb1c3 Qd8b6
7.Nd4xc6 bxc6
8.Bf1e2 g6
9.b3 Bf8g7
10.Bc1b2 Nf6xe4
{ resign }
0-1

[Event "Match"]
[Site "www.echecsemail.com"]
[Date "2018.02.13"]
[Round "1"]
[White "Mitja"]
[Black "Bojan"]
[WhiteElo "2100"]
[BlackElo "1920"]
[Result "1-0"]
[Round "1"]
1.d4 d5
2.e3 c6
3.c3 b6
4.b3 Bc8f5
5.Bc1a3 Ng8f6
6.h3 Nb8d7
7.Qd1f3 Bf5e4
8.Qf3d1 e5
9.Ba3xf8 Kxf8
10.dxe5 Nd7xe5
11.Nb1d2 Be4d3
12.Bf1e2 Qd8d7
13.Nd2f3 Ne5xf3
14.Ng1xf3 Bd3xe2
15.Qd1xe2 g6
16.O-O Kg7
17.c4 dxc4
18.Qe2xc4 Ra8c8
19.Rf1d1 Qd7e7
20.Rd1d3 c5
21.Ra1d1 Rh8e8
22.Qc4c3 Kg8
23.Nf3g5 h6
24.Ng5f3 Qe7e6
25.Qc3b2 Kh7
26.Rd3d6 Qe6e4
27.Qb2xf6 Re8e7
28.Rd6d8 { resign }
1-0

[Event "Match"]
[Site "www.echecsemail.com"]
[Date "2018.02.13"]
[Round "1"]
[White "Sahpat"]
[Black "Fangshuo"]
[WhiteElo "1809"]
[BlackElo "2060"]
[Result "0-1"]
[Round "1"]
1.e4 e6
2.d4 d5
3.Nb1d2 Bf8b4
4.c3 Bb4a5
5.Qd1a4 Nb8c6
6.Bf1b5 Ng8e7
7.Qa4xa5 Bc8d7
8.Qa5a4 a6
9.Bb5xc6 Bd7xc6
10.Qa4c2 dxe4
11.Ng1e2 f5
12.O-O O-O
13.Ne2f4 Ne7d5
14.Nf4xe6 Qd8h4
15.Ne6xf8 Ra8xf8
16.Nd2c4 Nd5f6
17.Nc4e5 Bc6d5
 { time }
0-1

[Event "Match"]
[Site "www.echecsemail.com"]
[Date "2018.02.13"]
[Round "1"]
[White "Gidi5"]
[Black "Aperturaf"]
[WhiteElo "2260"]
[BlackElo "2690"]
[Result "0-1"]
[Round "1"]
1.e4 e6
2.d4 d5
3.Nb1c3 Bf8b4
4.e5 c5
5.a3 Bb4a5
6.b4 cxd4
7.Nc3b5 Ba5c7
8.Bc1g5 Ng8e7
9.Ng1f3 Nb8c6
10.Nb5xc7 Qd8xc7
11.Bg5xe7 Kxe7
12.Bf1e2 Nc6xe5
13.Qd1xd4 Ne5xf3
14.Be2xf3 e5
15.Qd4d2 e4
16.Bf3e2 Rh8d8
17.O-O d4
18.Qd2g5 Kf8
19.Qg5h4 Bc8f5
20.Qh4g5 Rd8d5
21.Qg5d2 Bf5e6
22.Rf1c1 Ra8c8
23.Be2d1 Qc7e5
24.Bd1e2 Rc8c3
25.f4 Qe5c7
{ resign }
0-1

[Event "Match"]
[Site "www.echecsemail.com"]
[Date "2018.02.13"]
[Round "1"]
[White "Comrade"]
[Black "Pwain"]
[WhiteElo "2280"]
[BlackElo "2420"]
[Result "0-1"]
[Round "1"]
1.c4 e5
2.Nb1c3 Nb8c6
3.Ng1f3 Ng8f6
4.d3 d5
5.cxd5 Nf6xd5
6.Bc1g5 f6
7.Bg5d2 Bc8e6
8.e4 Nd5b6
9.b3 Bf8c5
10.Bf1e2 O-O
11.O-O Qd8e7
12.Bd2e3 Rf8d8
13.Be3xc5 Qe7xc5
14.Ra1c1 Qc5e7
15.Qd1c2 Rd8d7
16.Rc1d1 Ra8d8
17.h3 Nc6b4
18.Qc2b1 c5
19.a3 Nb4c6
20.Nf3d2 Nc6d4
21.Nd2c4 Qe7f7
22.f4 exf4
23.Rf1xf4 Nd4xe2
24.Nc3xe2 Nb6xc4
25.bxc4 Be6xc4
26.Rf4f3 b6
27.Ne2c3 Bc4e6
28.e5 f5
29.Nc3e4 Qf7h5
30.Ne4d6 Be6d5
31.Rf3xf5 Qh5e2
32.Rf5f2 Qe2xe5
33.Nd6f5 g6
34.Nf5h6 Kh8
35.Nh6g4 Qe5d4
36.Ng4f6 Rd7d6
37.Nf6g4 Bd5c4
38.dxc4 Qd4xd1
39.Rf2f1 Qd1xb1
40.Rf1xb1 Rd6d1
41.Rb1xd1 Rd8xd1
42.Kf2 Rd1a1
43.Ng4e5 Ra1xa3
44.h4 Kg7
45.g4 Kf6
46.Ne5f3 a5
{ resign }
0-1

[Event "Match"]
[Site "www.echecsemail.com"]
[Date "2018.02.13"]
[Round "1"]
[White "Guidom"]
[Black "Apdash"]
[WhiteElo "2110"]
[BlackElo "2240"]
[Result "1/2-1/2"]
[Round "1"]
1.e4 c5
2.Ng1f3 e6
3.c4 Nb8c6
4.Nb1c3 d6
5.d3 Ng8f6
6.Bc1g5 Bf8e7
7.Bf1e2 a6
8.O-O O-O
9.a3 Ra8b8
10.Qd1d2 Nf6e8
11.Bg5xe7 Qd8xe7
12.Rf1e1 Nc6a5
13.Be2d1 Na5c6
14.Bd1c2 Nc6d4
15.Nf3xd4 cxd4
16.Nc3e2 e5
17.b4 f5
18.exf5 Bc8xf5
19.Ne2g3 Bf5g6
20.Bc2d1 Ne8c7
21.Bd1f3 Qe7h4
22.Bf3e4 Rf8f6
23.Be4xg6 Rf6xg6
24.Re1e4 Qh4f6
25.f3 d5
26.cxd5 Nc7xd5
27.Qd2a2 Qf6e6
28.Ra1e1 Nd5e3
29.Qa2xe6 Rg6xe6
30.Ng3f1 Ne3c2
31.Re4xe5 Re6xe5
32.Re1xe5 Nc2xa3
33.Nf1d2 Na3c2
34.b5 a5
35.Re5c5 Nc2b4
36.Rc5c4 Nb4xd3
37.Rc4xd4 Nd3c5
38.b6 Rb8a8
39.Rd4c4 Nc5d7
40.Rc4c7 Nd7xb6
41.Rc7xb7 Nb6d5
42.Nd2c4 a4
43.Nc4a3 Ra8c8
44.Rb7a7 Nd5c3
45.Kf2 Nc3d1
46.Kg3 Nd1b2
47.Ra7b7 Rc8c3
48.Na3b1 Rc3c2
49.Nb1a3 Rc2e2
50.Rb7b4 h6
51.h4 Nb2d3
52.Rb4xa4 Nd3e1
53.Na3c4 Re2xg2
54.Kh3 Rg2f2
55.Nc4e5 g5
56.hxg5 hxg5
{ draw }
1/2-1/2

[Event "Match"]
[Site "www.echecsemail.com"]
[Date "2018.02.13"]
[Round "1"]
[White "Krystek23"]
[Black "Gidi5"]
[WhiteElo "2470"]
[BlackElo "2270"]
[Result "1-0"]
[Round "1"]
1.c4 Ng8f6
2.Nb1c3 g6
3.g3 Bf8g7
4.Bf1g2 O-O
5.Ng1f3 d6
6.d4 c6
7.O-O Qd8c7
8.h3 Nb8d7
9.Bc1e3 Rf8d8
10.Qd1d2 e5
11.Ra1d1 Nd7b6
12.b3 Bc8d7
13.Be3g5 a5
14.Rf1e1 a4
15.dxe5 dxe5
16.Qd2c1 axb3
17.axb3 Nb6c8
18.g4 Rd8e8
19.Bg5h6 Bg7h8
20.Nf3g5 Bd7xg4
21.hxg4 Nf6xg4
22.Ng5h3 e4
23.Bh6f4 Bh8e5
24.Nc3xe4 Be5xf4
25.Qc1xf4 Qc7xf4
26.Nh3xf4 Kg7
27.Ne4c5 Re8e7
28.Nc5xb7 Re7xb7
29.Bg2xc6 { resign }
1-0

[Event "Match"]
[Site "www.echecsemail.com"]
[Date "2018.02.13"]
[Round "1"]
[White "Meskienas"]
[Black "Fangshuo"]
[WhiteElo "1809"]
[BlackElo "2040"]
[Result "0-1"]
[Round "1"]
1.e4 e6
2.d4 d5
3.Nb1c3 Bf8b4
4.e5 c5
5.a3 Bb4a5
6.b4 cxd4
7.Nc3b5 Ba5b6
8.Nb5d6 Kf8
9.Ng1f3 Nb8c6
10.Bc1b2 Nc6xe5
11.Nf3xe5 Qd8xd6
12.Bb2xd4 Bb6xd4
13.Qd1xd4 f6
14.Ne5f3 e5
15.Qd4d2 Ng8e7
16.Bf1e2 Kf7
17.O-O Rh8f8
18.Rf1d1 Bc8e6
19.Ra1c1 Kg8
20.Be2b5 a6
21.Bb5a4 Rf8d8
22.Ba4b3 Be6g4
 { time }
0-1

[Event "1/32 Finale"]
[Site "www.chess-mail.com"]
[Date "2018.02.13"]
[Round "1"]
[White "Sbb"]
[Black "Destructor"]
[WhiteElo "2580"]
[BlackElo "2579"]
[Result "1-0"]
[Round "1"]
1.d4 d5
2.c4 c6
3.Ng1f3 e6
4.e3 Ng8f6
5.b3 Nb8d7
6.Bc1b2 Bf8d6
7.Bf1d3 O-O
8.O-O b6
9.Nb1c3 Bc8b7
10.Qd1c2 c5
11.cxd5 exd5
12.Rf1d1 Qd8e7
13.Ra1c1 Ra8c8
{ time. }
1-0

[Event "Tourn. n9687"]
[Site "www.chess-mail.com"]
[Date "2018.02.14"]
[Round "1"]
[White "Louis"]
[Black "Sociopath"]
[WhiteElo "1980"]
[BlackElo "1809"]
[Result "0-1"]
[Round "1"]
1.d4 Ng8f6
2.c4 e6
3.Ng1f3 d5
4.Nb1c3 c6
5.Bc1g5 Nb8d7
6.e3 Qd8a5
7.cxd5 Nf6xd5
8.Ra1c1 c5
9.Bf1d3 f6
10.Bg5h4 Nd7b6
11.O-O c4
12.Nc3xd5 Qa5xd5
13.Bd3e2 Qd5d7
14.Bh4g3 Bf8d6
15.Bg3xd6 Qd7xd6
16.Nf3d2 O-O
17.Nd2xc4 Nb6xc4
18.Be2xc4 Bc8d7
19.Qd1b3 b6
20.f4 Ra8e8
21.a3 g6
22.Rf1d1 Kg7
23.Bc4d3 Bd7c6
24.Qb3b4 Qd6d7
25.Rd1d2 Re8c8
26.Rd2c2 Bc6b7
27.Rc2xc8 Rf8xc8
28.Qb4f8 Kxf8
{ resign }
0-1

[Event "Tourn. n9685"]
[Site "www.chess-mail.com"]
[Date "2018.02.14"]
[Round "1"]
[White "Cal"]
[Black "Begory"]
[WhiteElo "1580"]
[BlackElo "1590"]
[Result "0-1"]
[Round "1"]
1.c4 e5
2.a3 Bf8c5
3.e3 Ng8f6
4.Nb1c3 e4
5.h3 O-O
6.Bf1e2 d6
7.Qd1c2 Bc8e6
8.d4 exd3
9.Be2xd3 Rf8e8
10.b3 Nb8c6
11.Ng1f3 d5
12.cxd5 Be6xd5
13.Bc1d2 Qd8e7
14.O-O Bd5xf3
15.gxf3 Bc5xa3
16.Nc3b5 Ba3d6
17.Kh1 a6
18.Rf1g1 axb5
19.Ra1xa8 Re8xa8
20.f4 b4
21.e4 Nf6h5
22.Rg1g4 Nc6d4
23.Qc2c4 Ra8a1
24.Kg2 Ra1a3
25.Qc4xd4 Ra3xb3
26.Bd3e2 Bd6c5
27.Qd4c4 Rb3b2
28.Bd2e3 Bc5xe3
29.fxe3 Nh5f6
30.Rg4h4 Qe7xe4
31.Qc4xe4 Nf6xe4
32.Kf3 f5
33.Rh4h5 g6
34.Rh5h4 b3
35.Be2c4 Kg7
36.Rh4xh7 Kxh7
37.h4 Ne4d2
38.Ke2 Nd2xc4
39.Kd3 Nc4xe3
40.Kxe3 Rb2h2
41.Kd3 b2
{ resign }
0-1

[Event "Tourn. n9676"]
[Site "www.chess-mail.com"]
[Date "2018.02.14"]
[Round "1"]
[White "Passaroa25"]
[Black "Pachi"]
[WhiteElo "1680"]
[BlackElo "1610"]
[Result "1/2-1/2"]
[Round "1"]
1.Nb1c3 Ng8f6
2.f3 d5
3.d4 b6
4.Bc1d2 e6
5.e3 Bf8b4
6.Ng1e2 Bb4xc3
7.Bd2xc3 Bc8a6
8.Qd1d2 Ba6xe2
9.Bf1xe2 O-O
10.O-O c5
11.b4 Qd8d6
12.a3 g5
13.g4 h5
14.h3 Qd6g3
15.Kh1 Qg3xh3
16.Kg1 hxg4
17.Rf1f2 Qh3g3
18.Rf2g2 Qg3h3
19.Kf2 Qh3h4
20.Rg2g3 Qh4h2
21.Rg3g2 Qh2h4
22.Kg1 gxf3
{ draw }
1/2-1/2

[Event "Tourn. n9715"]
[Site "www.chess-mail.com"]
[Date "2018.02.14"]
[Round "1"]
[White "Begory"]
[Black "Picifarkinca"]
[WhiteElo "1630"]
[BlackElo "1620"]
[Result "0-1"]
[Round "1"]
1.d4 d5
2.Bc1f4 c6
3.Nb1c3 e6
4.e3 Bf8d6
5.Bf4xd6 Qd8xd6
6.Qd1g4 Kf8
7.O-O-O Ng8f6
8.Ng1f3 Nf6xg4
9.Rd1d2 e5
10.h3 e4
11.Nf3e5 Ng4xe5
12.dxe5 Qd6xe5
13.Bf1e2 Nb8d7
14.Kb1 h5
15.f3 exf3
16.Be2xf3 Nd7f6
17.Rd2e2 Nf6e4
18.Nc3a4 Ne4g3
{ resign }
0-1

[Event "Tourn. n9694"]
[Site "www.chess-mail.com"]
[Date "2018.02.14"]
[Round "1"]
[White "Sachpat"]
[Black "Destructor"]
[WhiteElo "2810"]
[BlackElo "2579"]
[Result "1-0"]
[Round "1"]
1.e4 c5
2.Ng1f3 Nb8c6
3.d4 cxd4
4.Nf3xd4 Ng8f6
5.f3 Qd8b6
6.Nd4b3 e6
7.Nb1c3 Bf8b4
8.Bc1g5 d5
9.Bg5xf6 gxf6
10.exd5 Bb4xc3
11.bxc3 Qb6e3
12.Bf1e2 Qe3xc3
13.Kf2 exd5
{ time. }
1-0

[Event "Tourn. n9643"]
[Site "www.chess-mail.com"]
[Date "2018.02.14"]
[Round "1"]
[White "Pdebonis"]
[Black "Vios"]
[WhiteElo "2710"]
[BlackElo "2290"]
[Result "1-0"]
[Round "1"]
1.e4 c6
2.d4 d5
3.e5 c5
4.dxc5 e6
5.Bc1e3 Ng8h6
6.c3 Nh6f5
7.Be3d4 Bc8d7
8.Ng1f3 Nb8c6
9.a3 Bf8e7
10.Bf1e2 Qd8c7
11.O-O g5
12.Be2b5 h5
13.a4 b6
14.cxb6 axb6
15.Nb1a3  { time }
1-0

[Event "Match"]
[Site "www.echecsemail.com"]
[Date "2018.02.14"]
[Round "1"]
[White "Jovaras"]
[Black "Caspito"]
[WhiteElo "2099"]
[BlackElo "1940"]
[Result "1-0"]
[Round "1"]
1.e4 e5
2.Ng1f3 Nb8c6
3.Bf1b5 Ng8f6
4.O-O a6
5.Bb5a4 b5
6.Ba4b3 d5
7.exd5 Nf6xd5
8.Rf1e1 f6
9.d4 e4
10.Re1xe4 Bf8e7
11.Re4e1 O-O
12.Nb1c3 Be7b4
13.Bb3xd5 Kh8
14.Bd5xc6 { resign }
1-0

[Event "Match"]
[Site "www.echecsemail.com"]
[Date "2018.02.14"]
[Round "1"]
[White "Muderfuger"]
[Black "Billyg"]
[WhiteElo "1500"]
[BlackElo "1700"]
[Result "1-0"]
[Round "1"]
1.Ng1h3 e5
2.e4 Ng8f6
3.d3 Nb8c6
4.Nb1c3 Bf8b4
5.Bc1g5 h6
6.Bg5xf6 Qd8xf6
7.a3 Bb4a5
8.b4 Ba5b6
9.Qd1e2 Nc6d4
10.Nc3d5 Qf6c6
11.Qe2g4 Nd4xc2
12.Kd1 Nc2xa1
13.Qg4xg7 Qc6c2
14.Ke1 Qc2c1
15.Ke2 Qc1b2
16.Ke1 Na1c2
17.Kd1 Nc2xa3
18.Qg7xh8 { resign }
1-0

[Event "Match"]
[Site "www.echecsemail.com"]
[Date "2018.02.14"]
[Round "1"]
[White "Gimmyg"]
[Black "Gidi5"]
[WhiteElo "2530"]
[BlackElo "2260"]
[Result "1-0"]
[Round "1"]
1.Ng1f3 Ng8f6
2.c4 b6
3.d4 Bc8b7
4.Nb1c3 e6
5.a3 Bf8e7
6.d5 exd5
7.cxd5 O-O
8.e4 d6
9.Bf1e2 Nb8d7
10.O-O Nd7c5
11.Qd1c2 a5
12.Nf3d4 Nf6d7
13.Bc1e3 Be7f6
14.b4 axb4
15.axb4 Nc5a6
16.Qc2b3 Nd7b8
17.Ra1a4 Bf6xd4
18.Be3xd4 c5
19.bxc5 dxc5
20.Bd4e3 Nb8d7
21.Rf1a1 Qd8c8
22.Be2g4 c4
23.Qb3b5 { resign }
1-0

[Event "Match"]
[Site "www.echecsemail.com"]
[Date "2018.02.14"]
[Round "1"]
[White "Caroluigi"]
[Black "Billyg"]
[WhiteElo "1510"]
[BlackElo "1700"]
[Result "1-0"]
[Round "1"]
1.e4 e5
2.Ng1f3 Nb8c6
3.Bf1c4 Ng8f6
4.Nb1c3 d6
5.h3 a6
6.d4 exd4
7.Nf3xd4 Nc6xd4
8.Qd1xd4 h6
9.O-O c5
10.Qd4d3 b5
11.Bc4d5 Ra8a7
12.Rf1e1 Bf8e7
13.Bc1f4 O-O
14.Ra1d1 c4
15.Qd3e3 Nf6xd5
16.Nc3xd5 Ra7b7
17.Nd5xe7 Rb7xe7
18.Rd1xd6 Qd8a5
19.a3 Rf8e8
20.Re1d1 b4
21.axb4 Qa5xb4
22.Qe3g3 Kh7
23.Bf4d2 Qb4xb2
24.Bd2c3 Qb2xc2
25.Qg3xg7 
1-0

[Event "Match"]
[Site "www.echecsemail.com"]
[Date "2018.02.14"]
[Round "1"]
[White "Azocarfreund"]
[Black "Billyg"]
[WhiteElo "1770"]
[BlackElo "1770"]
[Result "0-1"]
[Round "1"]
1.e4 e5
2.Ng1f3 f6
3.Bf1c4 a6
4.c3 b5
5.Bc4d5 c6
6.Bd5xg8 Rh8xg8
7.Qd1b3 d5
8.Qb3c2 g6
9.O-O dxe4
10.Qc2xe4 Bc8f5
11.Qe4h4 g5
12.Qh4h5 Bf5g6
13.Qh5g4 Bf8e7
14.Rf1e1 f5
15.Qg4g3 e4
16.Nf3d4 Be7d6
17.f4 Bd6xf4
18.Qg3f2 Qd8d6
19.g3 Bf4e5
20.Nd4xf5 Bg6xf5
21.Qf2xf5 Rg8f8
22.Qf5xh7 Qd6c5
23.Kh1 e3
24.Qh7g6 Rf8f7
25.Re1xe3 Qc5d5
26.Kg1 Nb8d7
27.Qg6xg5 Rf7f6
28.Qg5h5 Kd8
29.Qh5g5 Kc7
30.d4 Ra8f8
31.Nb1d2 Rf6f5
32.Qg5h6 Be5d6
33.b3 b4
34.Nd2c4 Rf5f1
{ resign }
0-1

[Event "Tourn. n9605"]
[Site "www.chess-mail.com"]
[Date "2018.02.15"]
[Round "1"]
[White "Hundegana"]
[Black "Falcoale"]
[WhiteElo "2060"]
[BlackElo "2000"]
[Result "1-0"]
[Round "1"]
1.e4 c5
2.Bf1c4 e6
3.Nb1c3 Nb8c6
4.a3 Ng8f6
5.Ng1f3 b6
6.O-O Bc8b7
7.d3 d6
8.Rf1e1 Bf8e7
9.h3 O-O
10.Ra1b1 Ra8b8
11.Bc1e3 a6
12.b4 d5
13.exd5 exd5
14.Bc4a2 d4
15.Be3xd4 Nc6xd4
16.Nf3xd4 cxd4
17.Nc3e2 Nf6d5
18.Ba2xd5 Bb7xd5
19.Ne2f4 Bd5a8
20.Qd1g4 Ba8b7
21.Re1e2 Be7f6
22.Rb1e1 Qd8c7
23.f3 g6
24.h4 Bf6g7
25.Nf4h3 Rb8d8
26.h5 Bb7c8
27.Qg4f4 Qc7xf4
28.Nh3xf4 Bg7h6
29.g3 Bc8e6
30.hxg6 Bh6xf4
31.gxh7 Kxh7
32.gxf4 Rf8g8
33.Kh1 Kg7
34.Re1g1 Kf6
35.Rg1xg8 Rd8xg8
36.Re2e4 Be6d5
37.Re4xd4 Bd5xf3
38.Kh2 Rg8e8
39.Rd4d6 Kf5
40.Rd6xb6 Re8a8
41.Kg3 Bf3d1
42.c4 Bd1e2
43.Rb6d6 Ra8g8
44.Kf2 Rg8e8
45.c5 Kxf4
46.Rd6f6 Kg5
47.Rf6xf7 Be2xd3
48.Rf7f3 Bd3b5
49.Kg3 Bb5c6
50.Rf3c3 Re8e1
51.Kf2 Re1a1
52.Ke3 Ra1h1
53.Kd4 Kf5
54.Rc3g3 Kf4
55.Rg3g6 Bc6b5
56.c6 Rh1d1
57.Kc5 Rd1c1
58.Kb6 Kf5
59.Rg6h6 Ke4
60.c7 Rc1xc7
61.Kxc7 Kd4
62.Rh6h3 Kc4
63.Kd6 Kd4
64.Rh3g3 Kc4
65.Kc7 Kd5
66.Kb6 Kc4
67.Ka5 Kd4
68.Rg3g5 Kc3
69.Rg5xb5 axb5
70.Kxb5 { resign }
1-0

[Event "Tourn. n9690"]
[Site "www.chess-mail.com"]
[Date "2018.02.15"]
[Round "1"]
[White "Falcoale"]
[Black "Ff333"]
[WhiteElo "1920"]
[BlackElo "1990"]
[Result "0-1"]
[Round "1"]
1.e4 e5
2.Ng1f3 Nb8c6
3.Bf1c4 h6
4.O-O Ng8f6
5.Nb1c3 Bf8c5
6.Nc3d5 Nc6a5
7.Nd5xf6 Qd8xf6
8.Bc4e2 O-O
9.a3 Na5c6
10.c3 a6
11.b4 Bc5a7
12.Bc1b2 d6
13.Qd1c2 b5
14.d4 Qf6g6
15.dxe5 Bc8h3
16.g3 Bh3xf1
17.Be2xf1 Nc6xe5
18.Nf3xe5 dxe5
19.Bf1g2 Qg6b6
20.Ra1f1 f6
21.Bb2c1 Ra8d8
22.c4 bxc4
23.Qc2xc4 Kh8
24.Bc1e3 Qb6b7
25.Be3xa7 Qb7xa7
26.Qc4c3 Rd8d4
27.Rf1c1 Rf8c8
28.Qc3c6 Rd4d6
29.Qc6c4 Rd6d2
30.Qc4c5 Qa7b7
31.Qc5c3 Rd2d4
32.Bg2h3 Rc8d8
33.Bh3g2 Rd4d1
34.Rc1xd1 Rd8xd1
35.Bg2f1 Qb7b5
36.Kg2 Qb5xf1
{ resign }
0-1

[Event "Tourn. n9688"]
[Site "www.chess-mail.com"]
[Date "2018.02.15"]
[Round "1"]
[White "Apdash"]
[Black "Tartan"]
[WhiteElo "2210"]
[BlackElo "2550"]
[Result "0-1"]
[Round "1"]
1.e4 c5
2.Ng1f3 Nb8c6
3.d4 cxd4
4.Nf3xd4 e6
5.Nb1c3 a6
6.Bc1e3 Ng8e7
7.Bf1e2 Nc6xd4
8.Be3xd4 Ne7c6
9.Bd4e3 b5
10.a3 Bf8e7
11.O-O O-O
12.f4 d6
13.Be2d3 Be7f6
14.Qd1d2 Bc8b7
15.Rf1f3 Nc6e7
16.Rf3h3 Ne7g6
17.Ra1f1 Ra8c8
18.Qd2e2 h6
19.Qe2h5 Qd8e7
20.f5 exf5
21.exf5 Ng6h4
22.Be3xh6 Bf6d4
23.Rf1f2 Qe7e1
{ resign }
0-1

[Event "Tourn. n9642"]
[Site "www.chess-mail.com"]
[Date "2018.02.15"]
[Round "1"]
[White "Falcoale"]
[Black "Sahlapalat"]
[WhiteElo "1790"]
[BlackElo "1890"]
[Result "0-1"]
[Round "1"]
1.e4 c5
2.Ng1f3 d6
3.d4 cxd4
4.Nf3xd4 Ng8f6
5.Bf1d3 a6
6.O-O g6
7.Nb1c3 Bf8g7
8.Nd4b3 Nb8c6
9.a3 O-O
10.Bc1g5 h6
11.Bg5e3 Bc8d7
12.Nc3d5 Nf6xd5
13.exd5 Nc6e5
14.Bd3e2 Ra8c8
15.c3 Bd7a4
16.f4 Ne5c4
17.Be2xc4 Rc8xc4
18.Qd1d3 Ba4xb3
19.a4 Rc4c8
20.Rf1e1 Rf8e8
21.Re1d1 Bb3c4
22.Qd3c2 e6
23.dxe6 Bc4xe6
24.Rd1d2 Be6f5
25.Qc2d1 Re8xe3
26.Rd2xd6 Qd8e7
27.g3 Re3e2
28.Rd6d2 Qe7e3
{ resign }
0-1

[Event "Tourn. n9703"]
[Site "www.chess-mail.com"]
[Date "2018.02.15"]
[Round "1"]
[White "Apdash"]
[Black "Luban"]
[WhiteElo "2210"]
[BlackElo "2130"]
[Result "0-1"]
[Round "1"]
1.e4 c6
2.d4 d5
3.exd5 cxd5
4.Ng1f3 e6
5.c4 dxc4
6.Bf1xc4 Ng8f6
7.O-O Bf8e7
8.Nb1c3 O-O
9.Qd1c2 a6
10.Bc1g5 b5
11.Bc4d3 Bc8b7
12.Bg5xf6 Be7xf6
13.Bd3xh7 Kh8
14.Bh7e4 Nb8c6
15.Ra1d1 Ra8b8
16.d5 Nc6b4
17.Qc2b3 Bf6xc3
18.bxc3 Nb4xd5
19.Rd1d4 Qd8f6
20.Be4b1 Rf8c8
21.Rd4h4 Kg8
22.Bb1h7 Kf8
23.Qb3a3 Qf6e7
24.Qa3b2 Nd5xc3
25.Bh7f5 g6
26.Bf5e4 Bb7xe4
27.Rh4xe4 Qe7f6
28.Qb2b4 Kg7
29.Re4f4 Nc3e2
{ resign }
0-1

[Event "Tourn. n9685"]
[Site "www.chess-mail.com"]
[Date "2018.02.15"]
[Round "1"]
[White "Pachi"]
[Black "Hansen"]
[WhiteElo "1640"]
[BlackElo "1550"]
[Result "1-0"]
[Round "1"]
1.e4 d5
2.d3 dxe4
3.dxe4 Qd8xd1
4.Kxd1 Bc8g4
5.f3 Bg4h5
6.Bf1b5 c6
7.g4 Bh5g6
8.Bb5d3 e5
9.Ng1e2 Nb8d7
10.b3 h5
11.Nb1c3 hxg4
12.fxg4 Ng8f6
13.h3 a6
14.a4 Bf8b4
15.g5 Nf6h5
16.h4 c5
17.Nc3d5 Ra8c8
18.a5 c4
19.bxc4 Nd7c5
20.Nd5b6 Rc8d8
21.Nb6d5 Bg6xe4
22.Nd5xb4 Be4xh1
23.Ke1 Bh1f3
24.Ra1a3 e4
25.Bd3xe4 Nc5xe4
26.Nb4d5 Rd8d7
27.Ra3xf3 b5
28.axb6 f6
29.gxf6 gxf6
30.Bc1b2 Rh8g8
31.Rf3e3 f5
32.Nd5c7 Kd8
33.Nc7xa6 Rd7d2
34.b7 Ke7
35.b8Q Rg8xb8
36.Na6xb8 Rd2xc2
37.Bb2a3 Kf7
38.c5 Rc2a2
39.c6 Ra2a1
40.Ba3c1 f4
41.Re3xe4 f3
42.c7 fxe2
43.c8Q Kf6
44.Re4xe2 Nh5g3
45.Nb8d7 Kf5
46.Nd7c5 { resign }
1-0

[Event "Tourn. n9637"]
[Site "www.chess-mail.com"]
[Date "2018.02.15"]
[Round "1"]
[White "Aperturaf"]
[Black "Vios"]
[WhiteElo "2620"]
[BlackElo "2250"]
[Result "1-0"]
[Round "1"]
1.e4 c6
2.d4 d5
3.Nb1d2 dxe4
4.Nd2xe4 Bc8f5
5.Ne4g3 Bf5g6
6.h4 h6
7.Ng1f3 Ng8f6
8.Nf3e5 Bg6h7
9.Bf1d3 Bh7xd3
10.Qd1xd3 e6
11.Bc1d2 Nb8d7
12.f4 Bf8d6
13.O-O-O O-O
14.Kb1 Qd8c7
15.Ng3e2 h5
16.Qd3f3 Ra8c8
17.g4 hxg4
18.Ne5xg4 Nf6xg4
19.Qf3xg4 f5
20.Qg4g2 Nd7f6
21.h5 Nf6e4
22.Bd2e3 Rf8f6
23.h6 g6
24.h7 Kh8
25.Ne2g3 Rc8f8
26.Rd1g1  { time }
1-0

[Event "Tourn. n9726"]
[Site "www.chess-mail.com"]
[Date "2018.02.15"]
[Round "1"]
[White "Cal"]
[Black "Begory"]
[WhiteElo "1470"]
[BlackElo "1590"]
[Result "1-0"]
[Round "1"]
1.c4 d5
2.cxd5 Qd8xd5
3.d4 Nb8c6
4.Ng1f3 Bc8g4
5.Nb1c3 Qd5d7
6.e3 O-O-O
7.Bf1e2 e5
8.d5 Nc6b4
9.Nf3xe5 Bg4xe2
10.Qd1xe2 Qd7e7
11.f4 Nb4xd5
12.Nc3e4 f6
13.Bc1d2 fxe5
14.Qe2c4 exf4
15.a3 fxe3
16.Bd2a5 b6
17.Ba5b4 a5
18.Bb4xe7 Bf8xe7
19.O-O Ng8f6
20.Qc4c6 Nf6xe4
21.Rf1f7 Be7c5
22.Kf1 Ne4d2
23.Ke2 g6
24.Qc6a8 { resign }
1-0